000
00314nam a22001337a 4500
008
190304b xxu||||| |||| 00| 0 eng d
020
_a
0130035823
041
_a
eng
080
_a
910
100
_a
42
101
_a
GJEO
245
_a
Activities and Demonstrations for Earth Science
_c
Boyer,R.E
942
_2
udc
_c
BK
999
_c
54417
_d
54417